000 004470000a22001810004500
003 MACL
005 20151229173917.0
008 151229b xxu||||| |||| 00| 0 eng d
040 _aMACL
_cMACL
041 _aEnglish
082 _a181.4/SHA
100 _aDr, Chandradhar Shama
_924449
245 _aIndian Philosophy
260 _bNand Kishore & Bros
_c1952
350 _a10
650 _aOrient parerbacks
_923597
942 _cBK
_k181.4/Sha
_2ddc
999 _c34908
_d34908